Hazard mitigation and preparedness : (Record no. 1706)

000 -LEADER
fixed length control field 00916nam a2200253 a 4500
001 - CONTROL NUMBER
control field 1706
003 - CONTROL NUMBER IDENTIFIER
control field BD-DhUET
008 - FIXED-LENGTH DATA ELEMENTS--GENERAL INFORMATION
fixed length control field 060919s2007 njuab b 001 0 eng
020 ## - INTERNATIONAL STANDARD BOOK NUMBER
International Standard Book Number 0471790192
040 ## - CATALOGING SOURCE
Original cataloging agency DLC
Transcribing agency DLC
Modifying agency BD-DhUET
082 00 - DEWEY DECIMAL CLASSIFICATION NUMBER
Classification number 363.17
Item number SCH/2007
100 1# - MAIN ENTRY--PERSONAL NAME
Personal name Schwab, Anna K.
245 10 - TITLE STATEMENT
Title Hazard mitigation and preparedness :
Remainder of title building resilient communities /
Statement of responsibility, etc. by Anna K. Schwab, Katherine Eschelbach, David J. Brower.
260 ## - PUBLICATION, DISTRIBUTION, ETC. (IMPRINT)
Place of publication, distribution, etc. Hoboken, NJ :
Name of publisher, distributor, etc. J. Wiley,
Date of publication, distribution, etc. 2007.
300 ## - PHYSICAL DESCRIPTION
Extent xxxii, 568 p. :
Other physical details ill., maps ;
Dimensions 23 cm.
504 ## - BIBLIOGRAPHY, ETC. NOTE
Bibliography, etc Includes bibliographies
650 #0 - SUBJECT ADDED ENTRY--TOPICAL TERM
Topical term or geographic name as entry element Hazardous materials
700 1# - ADDED ENTRY--PERSONAL NAME
Personal name Eschelbac, Katherine.
700 ## - ADDED ENTRY--PERSONAL NAME
Personal name Brower, David J.
942 ## - ADDED ENTRY ELEMENTS (KOHA)
Koha item type General Book
856 41 - ELECTRONIC LOCATION AND ACCESS
Uniform Resource Identifier http://www.loc.gov/catdir/toc/ecip071/2006030761.html
856 42 - ELECTRONIC LOCATION AND ACCESS
Uniform Resource Identifier http://www.loc.gov/catdir/enhancements/fy0741/2006030761-b.html
856 42 - ELECTRONIC LOCATION AND ACCESS
Uniform Resource Identifier http://www.loc.gov/catdir/enhancements/fy0741/2006030761-d.html
Holdings
Location (home branch) Koha full call number Source of classification or shelving scheme Koha normalized classification for sorting Date acquired Koha date last seen Copy number Withdrawn status Sublocation or collection (holding branch) Lost status Piece designation (barcode) Damaged status Not for loan Price effective from Shelving location Koha item type
Central Library, BUET363.17/SCH/2007 363_000000000000000_17SCH20072014-09-102014-09-101 Central Library, BUET 103275  2014-09-10Circulation sectionGeneral Book
Central Library, BUET363.17/SCH/2007 363_000000000000000_17SCH20072014-09-102014-09-102 Central Library, BUET 103276  2014-09-10Circulation sectionGeneral Book